| 000 | 00612nam a2200229Ia 4500 | ||
|---|---|---|---|
| 003 | OSt | ||
| 005 | 20230620095457.0 | ||
| 008 | 210423s2009 xx 000 0 und d | ||
| 020 | _a978-81-7625-935-4 | ||
| 040 | _cAL | ||
| 041 | _aeng | ||
| 082 | _a541.37 WHIE | ||
| 100 |
_aWHITEMORE (G) _9106091 |
||
| 245 | _aElectrochemistry and its applications | ||
| 260 |
_aNew Delhi _bSarup & sons _c2009 |
||
| 300 |
_a158 _bHB |
||
| 365 |
_b500 _cINR |
||
| 650 |
_aChemistry _9106092 |
||
| 650 |
_aPhysical & Theoretical Chemistry _9106093 |
||
| 906 | _aapplications ; Electrochemistry ; its | ||
| 942 |
_2ddc _cBK |
||
| 999 |
_c166486 _d166486 |
||